| 000 | 00922nam a2200229Ia 4500 | ||
|---|---|---|---|
| 999 |
_c39359 _d39359 |
||
| 001 | 5947 | ||
| 003 | GE_BSU | ||
| 005 | 20190822132333.0 | ||
| 008 | 181216s1975||||ge |||||||||||||| ||geo|| | ||
| 040 | _cGE_BSU | ||
| 041 | _ageo | ||
| 080 | _a821.353.1-1 ა-13 | ||
| 100 |
_aაბაშიძე, ირაკლი _93740 |
||
| 245 |
_aთხზულებანი ორ ტომად : _bტ.1 ლექსები / _cირაკლი აბაშიძე ; რედ. ც. ქაროსანიძე. |
||
| 264 |
_aთბილისი : _bმერანი ; _c1975. |
||
| 300 |
_a397 გვ.; _c21 სმ. |
||
| 440 |
_aმსოფლიო პოეზიის დიდი რაინდები _93741 |
||
| 653 | _aთხზულებანი | ||
| 653 | _aლექსები | ||
| 700 |
_aქაროსანიძე, ც. _eრედაქტორი _93742 |
||
| 942 |
_cBK _2udc |
||